000 00711nam a2200265Ia 4500
005 20260302114226.0
008 008 260114s9999 xx 000 0 eng d
020 _a9781350102170
037 _aTextbook
040 _aCRL
040 _beng
040 _cCRL
041 _2eng
041 _aeng
084 _qCRL
100 _aMatthew Sharpe and Michael Ure
_91118135
245 0 _aPhilosophy as a Way of Life History, Dimensions, Directions
260 _bBloomsbury
260 _bBloomsbury Academic
260 _c2021
650 _aPhilosophy
856 _uhttps://doi.org/10.5040/9781350102170?locatt=label:secondary_bloomsburyCollections
942 _cEBOOK
999 _c1681791
_d1681791